| 000 | 01586nam a2200337 i 4500 | ||
|---|---|---|---|
| 003 | EG-GICUC | ||
| 005 | 20260426203045.0 | ||
| 008 | 260426s1934 au ||||f |||| 000 0bara d | ||
| 040 |
_a EG-GICUC _c EG-GICUC _d EG-GICUC _erda _bara |
||
| 041 | 0 | _aara | |
| 082 | 0 | 4 |
_221 _a343.4 _bر ي . ح |
| 092 | 0 | 4 | _221 |
| 099 | _aLaw1 10 343.4 1 ed - ر ي . ح 1934 1011093 C1 | ||
| 100 | 0 |
_aرياض شمس _eمؤلف. |
|
| 245 | 1 | 2 |
_aالحرية الشخصية فى التشريع الجنائي المصرى ضمانها كما هو ، وكما يجب أن يكون / _c تأليف رياض شمس المحامي ؛ مقدمة بقلم الأستاذ الجليل على بدوى ؛ تصدير الطبعة الفرنسية بقلم البروفسور العلامة ألبير شيرون. |
| 250 | _aالطبعة الأولى | ||
| 264 | 1 |
_aالقاهرة : _bمطبعة دار الكتب المصرية, _c1934. |
|
| 300 |
_a248 صفحة ؛ _c24 سم. |
||
| 336 |
_2rda content _atext |
||
| 337 |
_2rda media _aComputer |
||
| 338 |
_2rda carrier _aOnline Resource |
||
| 504 | _a. 231-229ببليوجرافيا: صفحات. | ||
| 504 | _aيشتمل على إرجاعات بليوجرافية. | ||
| 546 | _aالنص أغلبه باللغة العربية مع بعض النصوص الإنجليزية | ||
| 650 | 1 | 4 | _aالتشريعات الجنائية |
| 700 | 0 |
_aعلى بدوى _eمقدم. |
|
| 700 | 0 |
_aألبير شيرون _bمصدر الطبعة _eمعد. |
|
| 856 | 4 | 0 | _uhttps://fll.law.cu.edu.eg/fulltext/bks/B10-11093.pdf |
| 905 | _a164 | ||
| 942 |
_2ddc _cBK _e21 _n0 |
||
| 999 |
_c73503 _d73503 |
||